<The> economic adjustment programme for Greece fifth review - october 2011

Na minha lista:
Detalhes bibliográficos
Autor Corporativo: European Commission
Formato: Livro
Idioma:inglês
Publicado em: Luxembourg Publications Office of the European Union 2011
Colecção:European economy
Assuntos:
Tags: Adicionar Tag
Sem tags, seja o primeiro a adicionar uma tag!

MARC

LEADER 00000nam$a2200000$$$4500
001 0147673
005 20240318114229.0
020 |a 978-92-79-19347-7 
022 |a 1725-3195 
041 0 |a eng 
044 |a LU 
245 1 0 |a <The> economic adjustment programme for Greece  |b fifth review - october 2011 
264 1 |a Luxembourg  |b Publications Office of the European Union  |c 2011 
300 |a 180 s. 
490 1 |a European economy 
830 0 |a European economy 
610 2 0 |a situácia hospodárska 
610 2 0 |a makroekonomika 
610 2 0 |a trh finančný 
610 2 0 |a programy rozvojové 
610 2 0 |a adaptácia 
610 2 0 |a politika fiškálna 
610 2 0 |a reformy štruktúrne 
610 2 0 |a financovanie 
610 2 0 |a prognózy 
610 2 0 |a Grécko 
710 2 |a European Commission